| 000 | 00642nam a22002177a 4500 | ||
|---|---|---|---|
| 003 | LK-CoMWRAF | ||
| 005 | 20231122111841.0 | ||
| 008 | 231120b2007 |||||||| |||| 00| 0 eng d | ||
| 020 | _a9789551266745 | ||
| 040 |
_aLK-CoMWRAF _dLK-CoMWRAF _eLK-CoMWRAF |
||
| 041 | _aeng | ||
| 082 |
_a641.5 _bWEE |
||
| 100 | _aWeerasinghe, Disna | ||
| 245 |
_aThe fine art of Sri Lankan cuisine: _bclay pot style & other methods |
||
| 260 |
_aColombo: _bVijitha Yapa Publications, _c2007 |
||
| 300 | _axxiii, 111 p. : col. ill. ; 26 cm. | ||
| 650 | _aCOOKING, SRI LANKAN | ||
| 650 | _aClay pot cooking. | ||
| 700 | _a Ranaweera, Anula | ||
| 942 | _cBK | ||
| 999 |
_c4188 _d4188 |
||